00668nam a22002057a 4500003000400000008004100004020001800045082001700063100002000080245004000100260004100140300001800181650002400199650002400223650003400247650003900281942001200320999001700332952011300349OSt250320b2009 |||||||| |||| 00| 0 eng d a9780670082957 a174.4bBAG-P aBagchi, Subroto aThe professional /cSubroto Bagchi. aNew York :bPenguin Portfolio,c2009 axxi, 217 p. ; aProfessional ethics aWorkplace integrity aLeadership and responsibility aDecision-making and accountability 2ddccBK c21311d21311 00102ddc4070aSOBDbSOBDd2025-03-20fINRg399.00l0o174.4 BAG-P1pSD2230r2025-03-20t1w2025-03-20yBK